Cities in Canada A-Z - Statistics

General Stats
  • This quiz has been taken 15 times
  • The average score is 15 of 25
Answer Stats
Hint Answer % Correct
E Edmonton
100%
Q Quebec City
93%
V Vancouver
93%
W Whitehorse
93%
Y Yellowknife
93%
H Halifax
86%
O Ottawa
86%
Z Zurich
86%
R Regina
79%
S Saskatoon
79%
F Fredericton
64%
I Iqaluit
64%
L London
64%
M Medicine Hat
57%
C Charlottetown
50%
D Dauphin
43%
K Kelowna
43%
G Gatineau
36%
N Nanaimo
36%
T Thunder Bay
36%
P Prince George
29%
U Uranium City
29%
B Brandon
21%
J Jonquiere
21%
A Amherst
14%
No matching quizzes found
Score Distribution
Percent of People with Each Score
Percentile by Number Answered
Your Score History
You have not taken this quiz